| 000 | 00446nam a2200157Ia 4500 | ||
|---|---|---|---|
| 999 |
_c20252 _d20252 |
||
| 003 | OSt | ||
| 005 | 20200625150431.0 | ||
| 008 | 190216s9999||||xx |||||||||||||| ||und|| | ||
| 040 | _coclc | ||
| 082 |
_a954 _bIND/R |
||
| 245 | 0 | _aIndian Samskarathinde Sandeshavahakar Soviet Unioyanil / | |
| 260 |
_bRama Publications, _aMadirasi: _c1989. |
||
| 300 | _a84p | ||
| 650 | _aHistory | ||
| 942 |
_cBK _2ddc _h954 _iIND/R _k954 _mIND/R |
||